000 00602nam a2200229Ia 4500
003 OSt
005 20220924152318.0
006 a|||||r|||| 00| 0
007 ta
008 220923b |||||||| |||| 00| 0 ara d
024 _a341932
037 _cTextual
040 _aARTS
_cARTS
_bara
041 _2ara
_aara
082 _aQ7xN03,3, 28M1.1-.2
100 _aQutub Mohammad Au.
_9174013
245 0 _aMinhaj al-tarbiah al-islam
260 _c1981
650 _aISLAM
_9577
942 _hQ7xN03,3, 28M1.1-.2
_cTEXL
_2CC
999 _c469435
_d469435